Statistics for CAC 40 Companies

Click here to take the quiz!

General Stats

  • This quiz has been taken 110 times
  • The average score is 21 of 40

Answer Stats

SectorAnswer% Correct
AutomobilesRenault
91%
Luxury Goods / Alcoholic BeveragesLVMH
89%
AerospaceAirbus
85%
Oil and GasTotal
85%
AutomobilesPSA Peugeot Citroën
84%
TelecommunicationsOrange
83%
BanksBNP Paribas
80%
BanksCrédit Agricole
75%
Food Retailers and WholesalersCarrefour
74%
Personal Care / CosmeticsL'Oréal
74%
TiresMichelin
74%
PharmaceuticalsSanofi
73%
BanksSociété Générale
73%
Heavy ConstructionBouygues
70%
HotelsAccor
68%
Full Line InsuranceAxa
67%
Gas and Eletric utilityEngie
65%
Heavy constructionVinci
62%
Food ProductsDanone
58%
Luxury GoodsKering
54%
ChemicalsAir Liquide
52%
Water / Waste / Transport / EnergyVeolia
52%
Aerospace and DefenceSafran
51%
Alcoholic BeveragesPernod Ricard
44%
Broadcasting and EntertainmentVivendi
44%
Cement / Building materialsLafargeHolcim
41%
Building Materials / GlassSaint-Gobain
41%
SteelArcelorMittal
38%
OpticsEssilor
36%
IT ServicesCapgemini
35%
Media agenciesPublicis
35%
Electrical componentsLegrand
28%
Electrical componentsSchneider Electric
25%
IT ServicesAtos
22%
Real Estate Investment TrustUnibail-Rodamco-Westfield
21%
SemiconductorsSTMicroelectronics
20%
Automotive supplierValeo
19%
Food Services and ProductsSodexo
10%
Oil and Gas servicesTechnipFMC
10%
ChemicalsSolvay
4%

Score Distribution

Percentile by Number Answered

Percent of People with Each Score

Your Score History

You have not taken this quiz